00737nam a22002057a 450000500170000001000150001702000260003203500140005803700090007208200080008110000310008924500640012025000060018426000480019027000800023830000200031894200220033899900190036095201520037920241011114323.0 aENG-142054 a9789354918872c335.00 aEN-125586 bDBAD a921 aSuryawanshi, Aditya972654 aThe Seeds of Revolution Adyalimanti/cby Aditya Suryawanshi a1 aNew DelhibNational Book Trust, Indiac2024 aNehru Bhawan, 5 Institutional Area, Phase-II Vasant KunjbNew Delhie110070 a248p.c22cm(pb) 2ddccENmSURh921 c206299d206299 001040708NFICaBNbBNd2024-10-11eDelivery of Books Act Divisiong335.00l0oSUR 921pEN-125586r2024-10-11 00:00:00t1v335.00w2024-10-11yEN